| 000 | 00374nam a22001457a 4500 | ||
|---|---|---|---|
| 005 | 20260414123113.0 | ||
| 008 | 260414b |||||||| |||| 00| 0 eng d | ||
| 020 | _a978-81-203-5332-9 | ||
| 050 |
_aTD 897.5.P38 _b1 |
||
| 100 | _aPatwardhan,A.D | ||
| 245 | _aINDUSTRIAL WASTEWATER TREATMENT | ||
| 250 | _a2ND EDITION | ||
| 260 |
_aDELHI _bPUSHPITA _c2025 |
||
| 942 |
_2lcc _cBK |
||
| 999 |
_c216950 _d216950 |
||